| 000 | 01141nam1a22002411 4500 | ||
|---|---|---|---|
| 001 | rc\4122926 | ||
| 005 | 20130415173648.2 | ||
| 035 | _a(NLR Aleph) 008153145 | ||
| 090 |
_a7783163 _c7783163 |
||
| 100 | _a20130415d1953 |||y0rusy50 ca | ||
| 101 | 0 | _arus | |
| 102 | _aRU | ||
| 105 | _ay z ||||| | ||
| 200 | 1 |
_aТехнико-экономические особенности производства котлотурбинного оборудования _fПод ред. С.Л. Прузнера _gМ-во культуры СССР. Моск. ордена Ленина энергет. ин-т им. В.М. Молотова. Кафедра экономики пром-сти и организации предприятия. Вып. 1- |
|
| 210 |
_aМосква _cБ. и. _d1953 |
||
| 606 |
_aКотлотурбостроение _xТехнико-экономические показатели _2psbo |
||
| 700 | 1 |
_aНелидов _bИ. Е. _gИгорь Евгеньевич |
|
| 702 | 1 |
_aПрузнер _bС. Л. _4340 |
|
| 801 | 0 |
_aRU _bNLR _gpsbo |
|
| 801 | 1 |
_aRU _bELAR _2rusmarc |
|
| 852 |
_aNLR _jЭк40 Г-4/1707 |
||
| 942 | _cBOOK | ||
| 980 | _aNB | ||